书目信息 |
| 题名: |
农业经济学
|
|
| 作者: | 孔祥智 编著 | |
| 分册: | ||
| 出版信息: | 北京 中国人民大学出版社 2014 |
|
| 页数: | 294页 | |
| 开本: | 24cm | |
| 丛书名: | ||
| 单 册: | ||
| 中图分类: | F30 | |
| 科图分类: | ||
| 主题词: | 农业经济学--教材 , 农业经济学 | |
| 电子资源: | ||
| ISBN: | 978-7-300-18246-9 | |
| 000 | 00907nam0 2200277 450 | |
| 001 | 523 | |
| 005 | 20140909093812.26 | |
| 010 | @a978-7-300-18246-9@dCNY36.00 | |
| 100 | @a20140325d2014 em y0chiy50 ea | |
| 101 | 0 | @achi |
| 102 | @aCN@b110000 | |
| 105 | @ay z 000yy | |
| 106 | @ar | |
| 200 | 1 | @a农业经济学@ANong Ye Jing Ji Xue@f孔祥智等编著@FKong Xiang Zhi Deng Bian Zhu |
| 210 | @a北京@c中国人民大学出版社@d2014 | |
| 215 | @a294页@d24cm | |
| 300 | @a21世纪经济学系列教材/杜厚文,林岗主编 | |
| 312 | @a封面英文题名:Agricultural Economy | |
| 330 | @a本书分为四编,包括导论、农业生产要素经济学、农业产业组织经济学、农业市场与贸易经济学、国家与农业。 | |
| 510 | 1 | @aAgricultural Economy@zeng |
| 606 | 0 | @a农业经济学@j教材 |
| 606 | 0 | @a农业经济学 |
| 690 | @aF30@v5 | |
| 701 | 0 | @a孔祥智@AKong Xiang Zhi@f(1963~)@4编著 |
| 801 | 0 | @aCN@bTANGWEI@c20140603 |
| 905 | @b0842183-85@dF30@e40@f3 | |
| 农业经济学/孔祥智等编著.-北京:中国人民大学出版社,2014 |
| 294页;24cm |
| 21世纪经济学系列教材/杜厚文,林岗主编 |
| ISBN 978-7-300-18246-9:CNY36.00 |
| 本书分为四编,包括导论、农业生产要素经济学、农业产业组织经济学、农业市场与贸易经济学、国家与农业。 |
| ● |
| 相关链接 |
|
|
|
|
正题名:农业经济学
索取号:F30/40
 
预约/预借
| 序号 | 登录号 | 条形码 | 馆藏地/架位号 | 状态 | 备注 |
| 1 | 0842183 | 208421830 | 第一样本阅览室/ [索取号:F30/40] | 在馆 | |
| 2 | 0842184 | 208421849 | 密集书库-海洋学院/ [索取号:F30/40] | 在馆 | |
| 3 | 0842185 | 208421858 | 第一借阅区/ [索取号:F30/40] | 在馆 |